000 00824nam a22002297a 4500
003 LK-CoDNM
005 20241022145832.0
008 241015b |||||||| |||| 00| 0 eng d
040 _aLK-CoDNM
_dLK-CoDNM
_eLK-CoDNM
041 _asin
080 _aප්‍ර.බ
_b28.16
100 _aකේ. ඩී. සුමනසේකර මහතා
245 _aබෞද්ධ බලය-1951-52
_b25 කාණ්ඩය 7-12 කලාපය
260 _aමහනුවර-කොළඹ
_bයූනියන් යන්ත්‍රාලය
_c1952
300 _b90p. ; 24 cm
650 _aබෞද්ධ බලය-1951-52
650 _a25 කාණ්ඩය 7-12 කලාපය
650 _aකේ. ඩී. සුමනසේකර මහතා
650 _aප්‍ර.බ 28.16
650 _a1952
942 _cBK
999 _c221098
_d221098